000 00518nam a2200229Ia 4500
003 OSt
005 20220912153107.0
006 a|||||r|||| 00| 0
007 ta
008 220909b |||||||| |||| 00| 0 eng d
024 _a21738
037 _cTextual
040 _aCSL
_beng
_cCSL
041 _aeng
082 _aY7:1, M0
100 _aTaylor R B
245 0 _aIntroducing culture
260 _c1980
300 _ap.
_ccm.
942 _hY7:1, M0
_cTEXL
_2CC
999 _c97902
_d97902